|
|
|
|
| LEADER |
00000nab a2200000 a 4500 |
| 001 |
vtls000821042 |
| 003 |
SK-MaSNL |
| 005 |
20260302163844.0 |
| 008 |
180205c2002 xo 0 slo |
| 015 |
|
|
|a SNBRB2003/01-00385
|
| 035 |
|
|
|a CLN000172697
|
| 040 |
|
|
|a SNKBUCL
|b slo
|c SNKBUCL
|e AACR2
|
| 041 |
0 |
|
|a slo
|
| 044 |
|
|
|a xo
|c SK
|
| 080 |
|
|
|a 622.323(567)
|2 UDC-MRF-SK2
|
| 080 |
|
|
|a 665.6(567)
|2 UDC-MRF-SK2
|
| 100 |
1 |
|
|a Polakovič, Alexander,
|d 1942-
|4 aut
|9 20851
|
| 245 |
1 |
0 |
|a Vôňa ropy na pozadí irackého konfliktu
|b o budúcom využívaní bohatých zásob rozhodnú ...
|c Alexander Polakovič
|
| 300 |
|
|
|b Fotogr.
|
| 650 |
0 |
7 |
|a ropa
|z Irak
|2 snkbucl
|9 843624
|
| 655 |
|
7 |
|a články z novín a časopisov
|2 snkbucl
|9 267496
|
| 773 |
0 |
|
|x 1335-4671
|t Národná obroda
|g Roč. 13, č. 295 (19.12.2002), s. 7
|
| 850 |
|
|
|a Slovenská národná knižnica v Martine
|
| 852 |
|
|
|a SNK
|b KIS3GCP
|
| 958 |
|
|
|a RBX
|
| 999 |
|
|
|c 1384809
|d 1386739
|